[Event "Karl Mala Memorial op 14th"]
[Site "Frankfurt"]
[Date "2011.07.10"]
[Round "7"]
[White "Maerker, Christoph"]
[Black "Gennat, Egon Leopold"]
[Result "1/2-1/2"]
[WhiteElo "1655"]
[BlackElo "1434"]
[PlyCount "41"]
[EventDate "2011.07.07"]
[EventType "swiss"]
[EventRounds "7"]
[EventCountry "GER"]
[SourceTitle "EXT 2012"]
[Source "ChessBase"]
[SourceDate "2011.11.24"]
[SourceVersion "1"]
[SourceVersionDate "2011.11.24"]
[SourceQuality "1"]

1. d4 d5 2. c4 e6 3. cxd5 exd5 4. Nc3 Nf6 5. Nf3 Bb4 6. a3 Bxc3+ 7. bxc3 b6 8. e3 0-0 9. Be2 Bb7 10. 0-0 Nbd7 11. Bd3 Ne4 12. Qc2 Rc8 13. Nd2 Ndf6 14. f3 Nxd2 15. Bxd2 c5 16. dxc5 Rxc5 17. Qb2 Re8 18. Rac1 Qd7 19. c4 Rd8 20. Rfd1 Qe8 21. cxd5 1/2-1/2

[Event "Karl Mala Memorial op 13th"]
[Site "Frankfurt"]
[Date "2010.07.09"]
[Round "2"]
[White "Traut, Stefan"]
[Black "Maerker, Christoph"]
[Result "1-0"]
[WhiteElo "1825"]
[BlackElo "1426"]
[PlyCount "29"]
[EventDate "2010.07.08"]
[EventType "swiss"]
[EventRounds "7"]
[EventCountry "GER"]
[SourceTitle "EXT 2012"]
[Source "ChessBase"]
[SourceDate "2011.11.24"]
[SourceVersion "1"]
[SourceVersionDate "2011.11.24"]
[SourceQuality "1"]

1. d4 Nf6 2. Nf3 e6 3. g3 b6 4. c4 Bb4+ 5. Bd2 Bxd2+ 6. Qxd2 Bb7 7. Bg2 d6 8. 0-0 0-0 9. Nc3 Nbd7 10. Rfe1 Ne4 11. Qc2 f5 12. b3 Ng5 13. Nxg5 Qxg5 14. Bxb7 Rad8 15. f4 1-0

[Event "Karl Mala Memorial op 13th"]
[Site "Frankfurt"]
[Date "2010.07.08"]
[Round "1"]
[White "Maerker, Christoph"]
[Black "Knapp, Michael2"]
[Result "0-1"]
[WhiteElo "1426"]
[BlackElo "1995"]
[PlyCount "78"]
[EventDate "2010.07.08"]
[EventType "swiss"]
[EventRounds "7"]
[EventCountry "GER"]
[SourceTitle "EXT 2012"]
[Source "ChessBase"]
[SourceDate "2011.11.24"]
[SourceVersion "1"]
[SourceVersionDate "2011.11.24"]
[SourceQuality "1"]

1. d4 e6 2. c4 d5 3. cxd5 exd5 4. Nf3 Nf6 5. e3 c6 6. Be2 Bd6 7. Nbd2 0-0 8. Qc2 Bg4 9. Ne5 Bxe2 10. Kxe2 Bxe5 11. dxe5 Ng4 12. f4 d4 13. Nf3 d3+ 14. Qxd3 Qxd3+ 15. Kxd3 Nf2+ 16. Ke2 Nxh1 17. b3 Na6 18. Ba3 Rfd8 19. Rxh1 c5 20. Nd2 Rac8 21. Ne4 b6 22. Nd6 Rc7 23. Rc1 f6 24. Bb2 Rcd7 25. a3 fxe5 26. fxe5 Nc7 27. Rc2 Ne8 28. Ne4 h6 29. Rd2 Kf7 30. a4 Rxd2+ 31. Nxd2 Ke6 32. e4 Nc7 33. Ke3 Na6 34. Nc4 Nb4 35. Nd6 Nc6 36. Nc4 g6 37. Nd6 Na5 38. Nb5 Rd7 39. b4 Nc4+ 0-1

[Event "Karl Mala Memorial op 12th"]
[Site "Frankfurt"]
[Date "2009.07.19"]
[Round "7"]
[White "Maerker, Christoph"]
[Black "Dyga, Ryszard Adam"]
[Result "1/2-1/2"]
[WhiteElo "1390"]
[BlackElo "1623"]
[PlyCount "33"]
[EventDate "2009.07.16"]
[EventType "swiss"]
[EventRounds "7"]
[EventCountry "GER"]
[SourceTitle "EXT 2010"]
[Source "ChessBase"]
[SourceDate "2010.11.25"]
[SourceVersion "1"]
[SourceVersionDate "2010.11.25"]
[SourceQuality "1"]

1. d4 d5 2. c4 c6 3. cxd5 cxd5 4. Nf3 Nc6 5. e3 Nf6 6. Nc3 g6 7. Bd3 Bg7 8. Ne5 0-0 9. a3 Qa5 10. Nxc6 bxc6 11. b4 Qc7 12. Na4 a5 13. b5 cxb5 14. Bxb5 Ba6 15. Bxa6 Rxa6 16. Nc5 Rc6 17. 0-0 1/2-1/2